000 02012nam a22004577a 4500
001 405
003 FISKH
005 20250310112159.0
008 230407b cb ||||| |||| 00| 0 eng d
020 _a9780545214506
035 _a(OCoLC)ocn679934100
040 _aBTCTA
_beng
_cBTCTA
_dOCO
_dSO$
_dSINLB
_dUPZ
_dDLC
_dFISKH
042 _alccopycat
050 0 0 _aPZ7.D175
_bBdt 2011
082 0 4 _a823.92
_222
100 1 _aDaly, Catherine.
245 1 0 _aToo Manny Blooms /
_cCatherine R. Daly.
250 _a1st ed.
260 _aNew York, N.Y. :
_bScholastic,
_c2011.
300 _a182 pages. ;
_c20 cm.
490 1 _aPetal pushers ;
_vVolume 1
505 _aK
520 _aFour sisters. One family-owned flower shop. Endless opportunities for fun...or disaster! This fresh new series is full of girl--and flower--power. Delphinium "Del" Bloom loves her grandparents' flower shop, where it's always peaceful and calm--unlike her cluttered house, where her three sisters--Rose, Aster, and Poppy--constantly cause drama. But then Gran and Gramps move away and leave the flower shop in the care of Del's scatterbrained parents!
521 8 _a620
_bLexile
521 8 _aK
_bRaz-Plus
650 0 _aFriendship
_vJuvenile fiction.
650 0 _aFlorists
_vJuvenile fiction.
650 0 _aFlowers
_vJuvenile fiction
650 0 _aBirthdays
_vJuvenile fiction
650 0 _aParties
_vJuvenile fiction
650 1 _aFriendship
_vFiction.
650 1 _aFlorists
_vFiction.
650 1 _aFlowers
_vFiction.
650 1 _aBirthdays
_vFiction.
650 1 _aParties
_vFiction.
800 1 _aDaly-Weir, Catherine.
_tPetal pushers ;
_v3.
856 4 2 _3Publisher description
_uhttp://www.loc.gov/catdir/enhancements/fy1203/2011275104-d.html
906 _a7
_bcbc
_ccopycat
_d2
_encip
_f20
_gy-gencatlg
942 _2ddc
_cBK
_n0
999 _c405
_d405